<?xml version="1.0" encoding="UTF-8"?>
<record
    xmlns:xsi="http://www.w3.org/2001/XMLSchema-instance"
    xsi:schemaLocation="http://www.loc.gov/MARC21/slim http://www.loc.gov/standards/marcxml/schema/MARC21slim.xsd"
    xmlns="http://www.loc.gov/MARC21/slim">

  <leader>00868cam a22002531  4500</leader>
  <controlfield tag="001">ne 68003181 </controlfield>
  <controlfield tag="003">DLC</controlfield>
  <controlfield tag="005">20260227111846.0</controlfield>
  <controlfield tag="008">790913s1966    le ah         000 0 ara  </controlfield>
  <datafield tag="010" ind1=" " ind2=" ">
    <subfield code="a">ne 68003181 </subfield>
  </datafield>
  <datafield tag="035" ind1=" " ind2=" ">
    <subfield code="a">(OCoLC)5370092</subfield>
  </datafield>
  <datafield tag="040" ind1=" " ind2=" ">
    <subfield code="a">DLC</subfield>
    <subfield code="c">MiU</subfield>
    <subfield code="d">DLC</subfield>
  </datafield>
  <datafield tag="042" ind1=" " ind2=" ">
    <subfield code="a">premarc</subfield>
  </datafield>
  <datafield tag="050" ind1="0" ind2="0">
    <subfield code="a">PJ4150.Z73</subfield>
    <subfield code="b">F8</subfield>
  </datafield>
  <datafield tag="100" ind1="1" ind2=" ">
    <subfield code="a">Furay&#x1E25;ah, An&#x12B;s, 1903-</subfield>
    <subfield code="e">comp.</subfield>
  </datafield>
  <datafield tag="245" ind1="1" ind2="0">
    <subfield code="a">Mal&#x101;&#x1E25;im wa-as&#x101;&#x1E6D;&#x12B;r min &#x16A;gh&#x101;r&#x12B;t (Ra&#x2BC;s al-Shamr&#x101;)</subfield>
    <subfield code="c">ta&#x2BC;l&#x12B;f An&#x12B;s Furay&#x1E25;ah.</subfield>
  </datafield>
  <datafield tag="260" ind1=" " ind2=" ">
    <subfield code="a">Bayr&#x16B;t,</subfield>
    <subfield code="b">al-J&#x101;mi&#x2BB;ah al-Am&#x12B;rk&#x12B;yah f&#x12B; Bayr&#x16B;t,</subfield>
    <subfield code="c">1966.</subfield>
  </datafield>
  <datafield tag="300" ind1=" " ind2=" ">
    <subfield code="a">687 p.</subfield>
    <subfield code="b">illus., facsim.</subfield>
    <subfield code="c">25 cm.</subfield>
  </datafield>
  <datafield tag="490" ind1="0" ind2=" ">
    <subfield code="a">al-J&#x101;mi&#x2BB;ah al-Am&#x12B;rk&#x12B;yah f&#x12B; Bayr&#x16B;t. Mansh&#x16B;r&#x101;t al-&#x2BB;&#x12A;d al-Mi&#x2BC;aw&#x12B;</subfield>
  </datafield>
  <datafield tag="500" ind1=" " ind2=" ">
    <subfield code="a">Includes texts transcribed in Arabic, and translations.</subfield>
  </datafield>
  <datafield tag="504" ind1=" " ind2=" ">
    <subfield code="a">Includes bibliographies.</subfield>
  </datafield>
  <datafield tag="650" ind1=" " ind2="0">
    <subfield code="a">Ugaritic language</subfield>
    <subfield code="x">Texts.</subfield>
  </datafield>
  <datafield tag="740" ind1="0" ind2=" ">
    <subfield code="a">&#x16A;gh&#x101;r&#x12B;t</subfield>
  </datafield>
  <datafield tag="999" ind1=" " ind2=" ">
    <subfield code="c">50708</subfield>
    <subfield code="d">50708</subfield>
  </datafield>
</record>
